Investigating the Readiness of Schools in Chinsali for the Digital Age/ (Record no. 1930)
[ view plain ]
| 000 -LEADER | |
|---|---|
| fixed length control field | 00545nam a22001697a 4500 |
| 003 - CONTROL NUMBER IDENTIFIER | |
| control field | OSt |
| 005 - DATE AND TIME OF LATEST TRANSACTION | |
| control field | 20250625094827.0 |
| 008 - FIXED-LENGTH DATA ELEMENTS--GENERAL INFORMATION | |
| fixed length control field | 250625b |||||||| |||| 00| 0 eng d |
| 040 ## - CATALOGING SOURCE | |
| Transcribing agency | KMU |
| 050 ## - LIBRARY OF CONGRESS CALL NUMBER | |
| Classification number | ICT DEPARTMENT-STUDENT PROJECT REPORT |
| 100 ## - MAIN ENTRY--PERSONAL NAME | |
| Personal name | Kaoma, Christian |
| 245 ## - TITLE STATEMENT | |
| Title | Investigating the Readiness of Schools in Chinsali for the Digital Age/ |
| Statement of responsibility, etc. | Christian Kaoma and Aretha Chanda. |
| 260 ## - PUBLICATION, DISTRIBUTION, ETC. | |
| Place of publication, distribution, etc. | Kapasa Makasa University: |
| Name of publisher, distributor, etc. | Kapasa Makasa University, |
| Date of publication, distribution, etc. | 2024. |
| 300 ## - PHYSICAL DESCRIPTION | |
| Extent | 43 pages: |
| Dimensions | 30 cm. |
| 700 ## - ADDED ENTRY--PERSONAL NAME | |
| Personal name | Chanda, Aretha |
| 942 ## - ADDED ENTRY ELEMENTS (KOHA) | |
| Koha item type | Student Project Report |
| Suppress in OPAC | No |
| Withdrawn status | Lost status | Damaged status | Use restrictions | Not for loan | Collection | Home library | Current library | Shelving location | Date acquired | Total Checkouts | Full call number | Date last seen | Price effective from | Koha item type |
|---|---|---|---|---|---|---|---|---|---|---|---|---|---|---|
| Restricted Access | Not For Loan | Reference | Kapasa Makasa University | Kapasa Makasa University | Special Collection | 25.06.2025 | 20165590/20169941 | 25.06.2025 | 25.06.2025 | Student Project Report |